Premier League GK 100 or More Clean Sheets - Sudden Death - Statistics

General Stats
  • This quiz has been taken 186 times
  • The average score is 6 of 17
Answers on the Grid
Answers color-coded by a green-red scale on the quiz's grid according to % correct below.
Alisson
Ben Foster
Brad Friedel
David de Gea
David James
David Seaman
Ederson
Edwin van der Sar
Emiliano Martínez
Fabien Barthez
Hugo Lloris
Jens Lehmann
Jerzy Dudek
Joe Hart
Jordan Pickford
Jussi Jääskeläinen
Kasper Schmeichel
Lukasz Fabianski
Mark Bosnich
Mark Schwarzer
Nick Pope
Nigel Martyn
Paul Robinson
Pepe Reina
Peter Schmeichel
Petr Čech
Shay Given
Thibaut Courtois
Thomas Sørensen
Tim Flowers
Tim Howard
Wojciech Szczesny
 
Answer Stats
Answer % Correct
David de Gea
72%
Edwin van der Sar
63%
Petr Čech
60%
Peter Schmeichel
52%
Hugo Lloris
51%
David James
45%
Joe Hart
41%
David Seaman
40%
Brad Friedel
33%
Ederson
32%
Mark Schwarzer
29%
Tim Howard
23%
Pepe Reina
21%
Nigel Martyn
19%
Shay Given
19%
Jussi Jääskeläinen
12%
Thomas Sørensen
8%
No matching quizzes found
Score Distribution
Percent of People with Each Score
Percentile by Number Answered
Your Score History
You have not taken this quiz